[Event "Groningen University Challenge"]
[Site "Groningen"]
[Date "2022.12.26"]
[Round "2"]
[White "Hilwerda, Jonas"]
[Black "Van der Wiel, John"]
[Result "1/2-1/2"]
[WhiteElo "2274"]
[BlackElo "2384"]
[PlyCount "54"]
[EventDate "2022.12.26"]
[EventType "match"]
[EventRounds "4"]
[EventCountry "NED"]
[SourceTitle "CBM 211 Extra"]
[Source "ChessBase"]
[SourceDate "2023.01.31"]
[SourceVersion "1"]
[SourceVersionDate "2023.01.31"]
[SourceQuality "1"]

1. d4 Nf6 2. c4 e6 3. g3 d5 4. Bg2 dxc4 5. Nf3 c5 6. 0-0 Nc6 7. dxc5 Qxd1 8. Rxd1 Bxc5 9. Nbd2 c3 10. bxc3 0-0 11. Nb3 Be7 12. Nfd4 Nd5 13. Nxc6 bxc6 14. Bd2 Ba6 15. e4 Nb6 16. Na5 Bb5 17. e5 Rac8 18. Be3 Nd5 19. a4 Nxe3 20. fxe3 Ba6 21. Nxc6 Bc5 22. Rd7 Bxe3+ 23. Kh1 Kh8 24. Re1 Bf2 25. Rc1 Be3 26. Re1 Bf2 27. Rc1 Be3 1/2-1/2

[Event "Groningen University Challenge"]
[Site "Groningen"]
[Date "2022.12.26"]
[Round "1"]
[White "Van der Wiel, John"]
[Black "Hilwerda, Jonas"]
[Result "1/2-1/2"]
[WhiteElo "2384"]
[BlackElo "2274"]
[PlyCount "89"]
[EventDate "2022.12.26"]
[EventType "match"]
[EventRounds "4"]
[EventCountry "NED"]
[SourceTitle "CBM 211 Extra"]
[Source "ChessBase"]
[SourceDate "2023.01.31"]
[SourceVersion "1"]
[SourceVersionDate "2023.01.31"]
[SourceQuality "1"]

1. e4 c5 2. Nf3 e6 3. d4 cxd4 4. Nxd4 Nf6 5. Nc3 Nc6 6. Ndb5 Bb4 7. a3 Bxc3+ 8. Nxc3 d5 9. exd5 exd5 10. Bd3 0-0 11. 0-0 Bg4 12. f3 Bh5 13. Bg5 Qb6+ 14. Kh1 Ne4 15. Nxe4 dxe4 16. Bxe4 Qxb2 17. Qb1 Qb6 18. Qxb6 axb6 19. Rfb1 Bg6 20. Bxc6 bxc6 21. Rxb6 f6 22. Bh4 Bxc2 23. Rxc6 Rfc8 24. Rxc8+ Rxc8 25. h3 Rb8 26. Be1 Rb1 27. Rxb1 Bxb1 28. a4 Kf7 29. Kg1 Ke6 30. Kf2 Kd5 31. Ke3 g6 32. a5 f5 33. h4 Kc6 34. Kd4 Bc2 35. Bd2 Kb5 36. Ke3 Ka6 37. Kf4 Bd3 38. Kg5 Bf1 39. g3 Be2 40. f4 h5 41. Kxg6 Bg4 42. Be1 Kb7 43. Kf6 Ka8 44. Ke6 Bh3 45. Kd6 1/2-1/2

[Event "Groningen University Challenge"]
[Site "Groningen"]
[Date "2022.12.26"]
[Round "3"]
[White "Van der Wiel, John"]
[Black "Hilwerda, Jonas"]
[Result "1/2-1/2"]
[WhiteElo "2384"]
[BlackElo "2274"]
[PlyCount "57"]
[EventDate "2022.12.26"]
[EventType "match"]
[EventRounds "4"]
[EventCountry "NED"]
[SourceTitle "CBM 211 Extra"]
[Source "ChessBase"]
[SourceDate "2023.01.31"]
[SourceVersion "1"]
[SourceVersionDate "2023.01.31"]
[SourceQuality "1"]

1. e4 c5 2. Nf3 e6 3. d4 cxd4 4. Nxd4 Nf6 5. Nc3 Nc6 6. Nxc6 bxc6 7. e5 Nd5 8. Ne4 Qc7 9. f4 Qb6 10. Bd3 f5 11. exf6 gxf6 12. Qh5+ Kd8 13. Qe2 f5 14. Ng5 Rg8 15. a3 a5 16. c4 Nf6 17. Nf7+ Ke8 18. Be3 c5 19. Ng5 Be7 20. 0-0 Bb7 21. Rad1 h6 22. Nf3 Rb8 23. b4 axb4 24. axb4 Qxb4 25. Rb1 Qa3 26. Ne5 d6 27. Nc6 Kf7 28. Ra1 Qb3 29. Rfb1 1/2-1/2

[Event "NED-chT 2223"]
[Site "Netherlands"]
[Date "2022.10.08"]
[Round "2.8"]
[White "Hilwerda, Jonas"]
[Black "De Jong, Jan Willem"]
[Result "1/2-1/2"]
[WhiteElo "2289"]
[BlackElo "2407"]
[PlyCount "102"]
[EventDate "2022.09.17"]
[EventType "team-tourn"]
[EventRounds "9"]
[EventCountry "NED"]
[SourceTitle "CBM 213 Extra"]
[Source "ChessBase"]
[SourceDate "2023.05.31"]
[SourceVersion "1"]
[SourceVersionDate "2023.05.31"]
[SourceQuality "1"]
[WhiteTeam "Groningen Combinatie"]
[BlackTeam "Leiden LSG"]
[WhiteTeamCountry "NED"]
[BlackTeamCountry "NED"]

1. e4 e5 2. Nf3 Nc6 3. d4 exd4 4. Nxd4 Nf6 5. Nxc6 bxc6 6. e5 Qe7 7. Qe2 Nd5 8. c4 Nb6 9. Nc3 Ba6 10. Qe4 f6 11. c5 Bxf1 12. Kxf1 Qxc5 13. exf6+ Kf7 14. fxg7 Bxg7 15. h4 Qc4+ 16. Qxc4+ Nxc4 17. Rh3 a5 18. Rf3+ Ke8 19. Bg5 d6 20. h5 h6 21. Re1+ Ne5 22. Bc1 Rf8 23. Rg3 Kf7 24. f4 Nd7 25. Rg6 Rfe8 26. Ne4 a4 27. f5 d5 28. Bxh6 Bxh6 29. Rxh6 dxe4 30. Rh7+ Kf6 31. Rxd7 Kxf5 32. Rf7+ Kg5 33. Rg7+ Kf4 34. Rf7+ Kg5 35. Rg7+ Kf4 36. Rf7+ Kg5 37. Re3 Rf8 38. Rxf8 Rxf8+ 39. Ke2 Rb8 40. b3 Kxh5 41. bxa4 Rb2+ 42. Kf1 Rxa2 43. Rxe4 Kg5 44. g4 Kh4 45. Ke1 Kg3 46. Kd1 Kf3 47. Rc4 Ke3 48. Kc1 Kd3 49. Kb1 Rg2 50. Rxc6 Rxg4 51. Rxc7 Rxa4 1/2-1/2

[Event "NED-chT 2223"]
[Site "Netherlands"]
[Date "2022.09.17"]
[Round "1.8"]
[White "Gallasch, Jonas"]
[Black "Hilwerda, Jonas"]
[Result "0-1"]
[WhiteElo "2275"]
[BlackElo "2289"]
[PlyCount "74"]
[EventDate "2022.09.17"]
[EventType "team-tourn"]
[EventRounds "9"]
[EventCountry "NED"]
[SourceTitle "CBM 213 Extra"]
[Source "ChessBase"]
[SourceDate "2023.05.31"]
[SourceVersion "1"]
[SourceVersionDate "2023.05.31"]
[SourceQuality "1"]
[WhiteTeam "Zuid Limburg"]
[BlackTeam "Groningen Combinatie"]
[WhiteTeamCountry "NED"]
[BlackTeamCountry "NED"]

1. d4 Nf6 2. c4 g6 3. Nc3 d5 4. Nf3 Bg7 5. h4 0-0 6. cxd5 Nxd5 7. h5 c5 8. hxg6 hxg6 9. Bh6 Bxh6 10. Rxh6 Nc6 11. Qd2 cxd4 12. Nxd4 Nxc3 13. bxc3 e5 14. Rh1 Nxd4 15. Rd1 Be6 16. cxd4 Qxd4 17. Qh6 Qc3+ 18. Qd2 Rac8 19. Rh4 Qxd2+ 20. Rxd2 Rc1+ 21. Rd1 Rxd1+ 22. Kxd1 Bxa2 23. Rb4 b6 24. e3 Rc8 25. Kd2 Rc7 26. Bd3 Kg7 27. g4 Kf6 28. f4 exf4 29. exf4 Be6 30. g5+ Ke7 31. Ke3 Kd6 32. Kd4 Rc5 33. Ra4 a5 34. Ra1 Bb3 35. Rh1 a4 36. Rh8 a3 37. Ra8 a2 0-1

[Event "Copenhagen Obro op"]
[Site "Copenhagen"]
[Date "2022.08.27"]
[Round "8"]
[White "Hilwerda, Jonas"]
[Black "Vesterli, Michael"]
[Result "1-0"]
[WhiteElo "2273"]
[BlackElo "2244"]
[PlyCount "37"]
[EventDate "2022.08.22"]
[EventType "swiss"]
[EventRounds "9"]
[EventCountry "DEN"]
[SourceTitle "CBM 209 Extra"]
[Source "ChessBase"]
[SourceDate "2022.09.30"]
[SourceVersion "1"]
[SourceVersionDate "2022.09.30"]
[SourceQuality "1"]

1. e4 c5 2. Nf3 Nc6 3. Nc3 e5 4. Bc4 Be7 5. d3 Nf6 6. Ng5 0-0 7. h4 d6 8. Nd5 Rb8 9. Nxf6+ Bxf6 10. Qh5 h6 11. Nxf7 Rxf7 12. Qxf7+ Kh7 13. Bg5 Bg4 14. f3 Bxg5 15. hxg5 Qxg5 16. fxg4 Nd4 17. Qf2 Qxg4 18. Rh4 Qg5 19. Rh3 1-0

[Event "Copenhagen Obro op"]
[Site "Copenhagen"]
[Date "2022.08.25"]
[Round "5"]
[White "Rostgaard, Tobias Valentin"]
[Black "Hilwerda, Jonas"]
[Result "1-0"]
[WhiteElo "2332"]
[BlackElo "2273"]
[PlyCount "70"]
[EventDate "2022.08.22"]
[EventType "swiss"]
[EventRounds "9"]
[EventCountry "DEN"]
[SourceTitle "CBM 209 Extra"]
[Source "ChessBase"]
[SourceDate "2022.09.30"]
[SourceVersion "1"]
[SourceVersionDate "2022.09.30"]
[SourceQuality "1"]

1. e4 c5 2. Nf3 Nc6 3. Bb5 g6 4. Bxc6 bxc6 5. 0-0 Bg7 6. Re1 Nf6 7. e5 Nd5 8. c4 Nc7 9. d4 cxd4 10. Qxd4 Ne6 11. Qh4 d6 12. Nc3 dxe5 13. Nxe5 Qd4 14. Re4 Qd6 15. Nf3 Bf6 16. Qh6 Bg7 17. Qh4 Bf6 18. Qh6 Bg7 19. Qd2 0-0 20. Qe2 f5 21. Re3 Bf6 22. Rd3 Nf4 23. Bxf4 Qxf4 24. b3 e5 25. g3 Qg4 26. Rd2 e4 27. Nd4 Qg5 28. Qe3 Qh5 29. Nxc6 Bb7 30. Rd6 Bxc6 31. Rxc6 Rad8 32. Rxf6 Rxf6 33. Nd5 Rxd5 34. cxd5 f4 35. Qxe4 f3 1-0

[Event "Fredericia IM"]
[Site "Fredericia"]
[Date "2022.05.29"]
[Round "9"]
[White "Hilwerda, Jonas"]
[Black "Thorsbro, Peter"]
[Result "1/2-1/2"]
[WhiteElo "2275"]
[BlackElo "2192"]
[PlyCount "62"]
[EventDate "2022.05.25"]
[EventType "tourn"]
[EventRounds "9"]
[EventCountry "DEN"]
[EventCategory "2"]
[SourceTitle "CBM 208 Extra"]
[Source "ChessBase"]
[SourceDate "2022.07.31"]
[SourceVersion "1"]
[SourceVersionDate "2022.07.31"]
[SourceQuality "1"]

1. e4 e5 2. Nf3 Nc6 3. d4 exd4 4. Nxd4 Nf6 5. Nxc6 bxc6 6. e5 Qe7 7. Qe2 Nd5 8. c4 Nb6 9. Nc3 Qe6 10. Qe4 d5 11. exd6 cxd6 12. Be3 Qxe4 13. Nxe4 f5 14. Nc3 Be6 15. b3 Be7 16. 0-0-0 0-0 17. g3 d5 18. cxd5 Nxd5 19. Bd4 Ba3+ 20. Kb1 Nxc3+ 21. Bxc3 f4 22. Bd3 Rad8 23. Be4 Bc5 24. gxf4 Bxf2 25. Be5 Bg4 26. Rxd8 Rxd8 27. Kc2 c5 28. Bd3 Bd4 29. Re1 Bf2 30. Rh1 Bd4 31. Re1 Bf2 1/2-1/2

[Event "Oberliga Nord N 2122"]
[Site "Germany"]
[Date "2022.05.01"]
[Round "9.3"]
[White "Hilwerda, Jonas"]
[Black "Reinecker, Kai"]
[Result "1-0"]
[WhiteElo "2267"]
[BlackElo "2271"]
[PlyCount "51"]
[EventDate "2021.10.31"]
[EventType "team-tourn"]
[EventRounds "9"]
[EventCountry "GER"]
[SourceTitle "EXT 2023"]
[Source "ChessBase"]
[SourceDate "2022.10.05"]
[SourceVersion "1"]
[SourceVersionDate "2022.10.05"]
[SourceQuality "1"]
[WhiteTeam "Schwerin"]
[BlackTeam "Preetz"]
[WhiteTeamCountry "GER"]
[BlackTeamCountry "GER"]

1. e4 e5 2. Nf3 Nf6 3. d4 Nxe4 4. Bd3 d5 5. Nxe5 Nd7 6. Nc3 Bb4 7. 0-0 Nxe5 8. dxe5 Nxc3 9. bxc3 Bxc3 10. Rb1 0-0 11. Bxh7+ Kxh7 12. Qd3+ Kg8 13. Qxc3 b6 14. Qg3 Bf5 15. Bg5 Qd7 16. f4 Bg6 17. f5 Bxf5 18. Rb3 Rae8 19. Bf6 Bg6 20. Qh4 gxf6 21. exf6 Re2 22. Qh6 Rxg2+ 23. Kxg2 Qg4+ 24. Rg3 Qe4+ 25. Kh3 Qe6+ 26. Rg4 1-0

[Event "Oberliga Nord N 2122"]
[Site "Germany"]
[Date "2022.03.06"]
[Round "6.1"]
[White "Colpe, Malte"]
[Black "Hilwerda, Jonas"]
[Result "1/2-1/2"]
[WhiteElo "2360"]
[BlackElo "2267"]
[PlyCount "86"]
[EventDate "2021.10.31"]
[EventType "team-tourn"]
[EventRounds "9"]
[EventCountry "GER"]
[SourceTitle "EXT 2023"]
[Source "ChessBase"]
[SourceDate "2022.10.05"]
[SourceVersion "1"]
[SourceVersionDate "2022.10.05"]
[SourceQuality "1"]
[WhiteTeam "Hamburger SK III"]
[BlackTeam "Schwerin"]
[WhiteTeamCountry "GER"]
[BlackTeamCountry "GER"]

1. d4 Nf6 2. c4 g6 3. g3 Bg7 4. Bg2 d5 5. cxd5 Nxd5 6. e4 Nb6 7. Ne2 c5 8. d5 e6 9. 0-0 exd5 10. exd5 0-0 11. Nec3 Bf5 12. Na3 Qd7 13. Re1 Na6 14. Be3 Rac8 15. Qd2 Nb4 16. Bh6 Rfe8 17. Bxg7 Kxg7 18. Rad1 Bg4 19. Rc1 Rxe1+ 20. Rxe1 Rd8 21. Qg5 f6 22. Qe3 N6xd5 23. Nxd5 Nxd5 24. Qxc5 b6 25. Qd4 Nc7 26. Qb4 Re8 27. Rc1 Re7 28. Nc4 Ne8 29. Ne3 Be6 30. b3 Qd6 31. Qa4 Bf7 32. Rd1 Qc5 33. Qd4 Qxd4 34. Rxd4 Nc7 35. Rd8 Be6 36. Bc6 Bh3 37. b4 Ne6 38. Rd6 Ng5 39. Bg2 Bxg2 40. Kxg2 Nf7 41. Rc6 Ne5 42. Rd6 Rd7 43. Rxd7+ Nxd7 1/2-1/2

[Event "NED-chT 2122"]
[Site "Netherlands"]
[Date "2022.02.05"]
[Round "6.5"]
[White "Hilwerda, Jonas"]
[Black "Warmerdam, Max"]
[Result "0-1"]
[WhiteElo "2287"]
[BlackElo "2608"]
[PlyCount "80"]
[EventDate "2021.09.18"]
[EventType "team-tourn"]
[EventRounds "9"]
[EventCountry "NED"]
[SourceTitle "EXT 2023"]
[Source "ChessBase"]
[SourceDate "2022.10.05"]
[SourceVersion "1"]
[SourceVersionDate "2022.10.05"]
[SourceQuality "1"]
[WhiteTeam "Groningen Combinatie"]
[BlackTeam "Apeldoorn Amevo"]
[WhiteTeamCountry "NED"]
[BlackTeamCountry "NED"]

1. e4 c5 2. Nf3 d6 3. d4 cxd4 4. Nxd4 Nf6 5. Nc3 a6 6. h3 e5 7. Nb3 Be7 8. g4 h6 9. Be3 Nbd7 10. a4 Nf8 11. Qd2 g5 12. a5 Be6 13. Nd5 Rc8 14. c4 Ng6 15. f3 h5 16. Rh2 Nf4 17. Rd1 Nd7 18. Bg1 Bxd5 19. cxd5 Kf8 20. Na1 Qc7 21. Nb3 Kg7 22. Rc1 Qb8 23. Qd1 Bd8 24. Rxc8 Qxc8 25. Rc2 Qb8 26. Qc1 hxg4 27. hxg4 Rh1 28. Qe3 b6 29. Rh2 Rxh2 30. Bxh2 bxa5 31. Qc3 a4 32. Bxf4 gxf4 33. Na5 Bxa5 34. Qxa5 Nc5 35. Qc3 Qd8 36. Qd2 Qb6 37. Qf2 Qb4+ 38. Kd1 f6 39. Kc2 Qb3+ 40. Kc1 Qa2 0-1

[Event "NED-chT 2122"]
[Site "Netherlands"]
[Date "2021.09.18"]
[Round "1.7"]
[White "Hilwerda, Jonas"]
[Black "Piceu, Tom"]
[Result "1-0"]
[WhiteElo "2287"]
[BlackElo "2355"]
[PlyCount "101"]
[EventDate "2021.09.18"]
[EventType "team-tourn"]
[EventRounds "9"]
[EventCountry "NED"]
[SourceTitle "EXT 2023"]
[Source "ChessBase"]
[SourceDate "2022.10.05"]
[SourceVersion "1"]
[SourceVersionDate "2022.10.05"]
[SourceQuality "1"]
[WhiteTeam "Groningen Combinatie"]
[BlackTeam "Sas van Gent"]
[WhiteTeamCountry "NED"]
[BlackTeamCountry "NED"]

1. e4 c5 2. Nf3 d6 3. d4 cxd4 4. Nxd4 Nf6 5. Nc3 a6 6. h3 e5 7. Nb3 Be6 8. f4 exf4 9. Bxf4 Nc6 10. Qe2 Nd7 11. 0-0-0 Nde5 12. Kb1 Be7 13. g4 0-0 14. Qe3 b5 15. Be2 Qc7 16. Nd5 Bxd5 17. exd5 Nb8 18. Bxe5 dxe5 19. Qe4 Bd6 20. Bd3 g6 21. h4 Nd7 22. Qf3 a5 23. Bxb5 a4 24. Nd2 a3 25. b3 f5 26. Bxd7 Qxd7 27. gxf5 gxf5 28. Rhg1+ Kh8 29. Nc4 Qe7 30. Qg3 Rad8 31. Rde1 Rg8 32. Qc3 Bb4 33. Qxe5+ Qxe5 34. Nxe5 Rg7 35. Rxg7 Kxg7 36. Rg1+ Kf6 37. Nc6 Bc5 38. Rd1 Rd7 39. b4 Be3 40. c4 f4 41. Kc2 Kf5 42. Kd3 Bf2 43. h5 Bh4 44. Rf1 Bf6 45. Nd4+ Kg4 46. Ke4 Bxd4 47. Kxd4 f3 48. c5 Kg3 49. c6 Re7 50. d6 Re2 51. c7 1-0

[Event "World Cup U18 Prel"]
[Site "Tornelo INT"]
[Date "2021.08.20"]
[Round "9"]
[White "Mohammad Fahad, Rahman"]
[Black "Hilwerda, Jonas"]
[Result "0-1"]
[WhiteElo "2339"]
[BlackElo "2240"]
[PlyCount "92"]
[EventDate "2021.08.16"]
[EventType "swiss (rapid)"]
[EventRounds "10"]
[EventCountry "NET"]
[SourceTitle "CBM 203 Extra"]
[Source "ChessBase"]
[SourceDate "2021.09.30"]
[SourceVersion "1"]
[SourceVersionDate "2021.09.30"]
[SourceQuality "1"]

1. d4 Nf6 2. Nf3 g6 3. c4 Bg7 4. Nc3 d6 5. e4 0-0 6. Be2 e5 7. Be3 Ng4 8. Bg5 f6 9. Bc1 Nc6 10. 0-0 Nh6 11. d5 Ne7 12. b4 f5 13. Ng5 f4 14. Ne6 Bxe6 15. dxe6 Nc6 16. c5 Nd4 17. Bc4 Kh8 18. Ba3 f3 19. g3 Qg5 20. Re1 Rf4 21. Bc1 Qh5 22. Bxf4 Ng4 23. h4 exf4 24. Rf1 fxg3 25. fxg3 Qe5 26. Qe1 Nc2 27. Rxf3 Nxe1 28. Rxe1 Qd4+ 29. Kg2 Qxc4 30. Nd5 Re8 31. Nxc7 Rxe6 32. Nxe6 Qxa2+ 33. Kg1 Qxe6 34. Rd1 Be5 35. Kg2 Kg7 36. Rd2 dxc5 37. bxc5 Nf6 38. Rc2 Nxe4 39. Re3 Nxg3 40. Rce2 Nxe2 41. Rxe2 Qg4+ 42. Kf2 Bd4+ 43. Kf1 Qf3+ 44. Ke1 Bc3+ 45. Kd1 Qd3+ 46. Kc1 Qxe2 0-1

[Event "World Cup U18 Prel"]
[Site "Tornelo INT"]
[Date "2021.08.18"]
[Round "6"]
[White "Hilwerda, Jonas"]
[Black "Alexakis, Dimitris"]
[Result "0-1"]
[WhiteElo "2240"]
[BlackElo "2446"]
[PlyCount "72"]
[EventDate "2021.08.16"]
[EventType "swiss (rapid)"]
[EventRounds "10"]
[EventCountry "NET"]
[SourceTitle "CBM 203 Extra"]
[Source "ChessBase"]
[SourceDate "2021.09.30"]
[SourceVersion "1"]
[SourceVersionDate "2021.09.30"]
[SourceQuality "1"]

1. e4 c5 2. Nf3 Nc6 3. d4 cxd4 4. Nxd4 Nf6 5. Nc3 d6 6. Bc4 Bd7 7. Be3 Ng4 8. Bg5 Qb6 9. Nd5 Qxd4 10. Qxd4 Nxd4 11. Nc7+ Kd8 12. Nxa8 Nxc2+ 13. Ke2 Nxa1 14. Rxa1 Kc8 15. Rc1 Kb8 16. Bd5 h6 17. Rc7 Bc6 18. Bxf7 a5 19. Bd2 Kxa8 20. Bxa5 g5 21. Bc3 Bb5+ 22. Ke1 Kb8 23. Ba5 Bg7 24. Bd5 Ba6 25. Rxe7 Bxb2 26. Bc7+ Ka8 27. Bxd6 Bc3+ 28. Kd1 Nxf2+ 29. Kc2 Rc8 30. Be6 Rc6 31. Re8+ Ka7 32. Bb8+ Kb6 33. Kb3 Bd4 34. Bd5 Rc3+ 35. Kb4 Nd3+ 36. Ka4 Bb5# 0-1

[Event "World Cup U18 Prel"]
[Site "Tornelo INT"]
[Date "2021.08.18"]
[Round "5"]
[White "Tzidkiya, Yeshaayahu"]
[Black "Hilwerda, Jonas"]
[Result "1/2-1/2"]
[WhiteElo "2387"]
[BlackElo "2240"]
[PlyCount "57"]
[EventDate "2021.08.16"]
[EventType "swiss (rapid)"]
[EventRounds "10"]
[EventCountry "NET"]
[SourceTitle "CBM 203 Extra"]
[Source "ChessBase"]
[SourceDate "2021.09.30"]
[SourceVersion "1"]
[SourceVersionDate "2021.09.30"]
[SourceQuality "1"]

1. e4 c5 2. Nf3 Nc6 3. Nc3 e5 4. Bc4 g6 5. d3 h6 6. 0-0 Bg7 7. Ne1 Nf6 8. f4 d6 9. Nf3 exf4 10. Bxf4 Nh5 11. Be3 0-0 12. Nd5 Kh7 13. Qd2 Be6 14. a4 Ne7 15. d4 Bxd5 16. exd5 Nf5 17. Bf2 Nf6 18. Bd3 Nxd4 19. Nxd4 cxd4 20. Bh4 Ne4 21. Qf4 Ng5 22. Rae1 Be5 23. Qf2 Qd7 24. Bg3 Qg4 25. Be2 Qd7 26. Bb5 Qg4 27. Be2 Qd7 28. Bb5 Qg4 29. Be2 1/2-1/2

[Event "World Cup U18 Prel"]
[Site "Tornelo INT"]
[Date "2021.08.16"]
[Round "2"]
[White "Hilwerda, Jonas"]
[Black "Boci, Petro"]
[Result "1-0"]
[WhiteElo "2240"]
[BlackElo "1460"]
[PlyCount "67"]
[EventDate "2021.08.16"]
[EventType "swiss (rapid)"]
[EventRounds "10"]
[EventCountry "NET"]
[SourceTitle "CBM 203 Extra"]
[Source "ChessBase"]
[SourceDate "2021.09.30"]
[SourceVersion "1"]
[SourceVersionDate "2021.09.30"]
[SourceQuality "1"]

1. e4 c5 2. Nf3 Nc6 3. d4 cxd4 4. Nxd4 Nf6 5. Nc3 e5 6. Ndb5 d6 7. Bg5 a6 8. Na3 b5 9. Bxf6 gxf6 10. Nd5 f5 11. c3 Bg7 12. Bd3 Be6 13. Qh5 f4 14. g3 fxg3 15. hxg3 h6 16. Nc2 Bxd5 17. exd5 Ne7 18. Ne3 Rb8 19. Rh4 a5 20. Kf1 Qd7 21. a4 bxa4 22. Rhxa4 0-0 23. Ng4 f5 24. Nxh6+ Bxh6 25. Qxh6 e4 26. Qg5+ Kf7 27. Be2 Rg8 28. Bh5+ Ng6 29. Rxa5 Rb7 30. Ra8 Rg7 31. Rd8 Qb5+ 32. Kg1 Qxd5 33. Raa8 Rxb2 34. Rd7+ 1-0

[Event "NED-ch U18"]
[Site "Almelo"]
[Date "2021.08.02"]
[Round "2"]
[White "Hilwerda, Jonas"]
[Black "Shakhverdian, William"]
[Result "1-0"]
[WhiteElo "2240"]
[BlackElo "2074"]
[PlyCount "105"]
[EventDate "2021.08.01"]
[EventType "swiss"]
[EventRounds "7"]
[EventCountry "NED"]
[SourceTitle "CBM 203 Extra"]
[Source "ChessBase"]
[SourceDate "2021.09.30"]
[SourceVersion "1"]
[SourceVersionDate "2021.09.30"]
[SourceQuality "1"]

1. e4 e5 2. Nf3 Nc6 3. d4 exd4 4. Nxd4 Nf6 5. Nxc6 bxc6 6. e5 Qe7 7. Qe2 Nd5 8. h4 a5 9. c4 Ba6 10. Rh3 Nb6 11. b3 a4 12. Nd2 Qe6 13. Nf3 Bb4+ 14. Bd2 Qe7 15. Bxb4 Qxb4+ 16. Qd2 Qxd2+ 17. Nxd2 0-0 18. 0-0-0 axb3 19. axb3 d5 20. cxd5 cxd5 21. Bxa6 Rxa6 22. Rc3 Nd7 23. Rxc7 Nxe5 24. Nb1 Ng6 25. Rxd5 Nf4 26. Rd2 Nxg2 27. Rc4 Rh6 28. Rdd4 f5 29. Nc3 Re8 30. b4 f4 31. b5 Nxh4 32. Rxf4 Ng6 33. Rf5 Ne5 34. Re4 Nd3+ 35. Kc2 Rxe4 36. Nxe4 Nb4+ 37. Kc3 Na6 38. Nf6+ gxf6 39. bxa6 Rh1 40. Kb4 Ra1 41. Ra5 Rb1+ 42. Kc5 Rc1+ 43. Kb6 Rb1+ 44. Rb5 Ra1 45. a7 Rxa7 46. Kxa7 Kg7 47. Kb6 Kg6 48. Kc5 Kg5 49. Kd4+ Kg4 50. Ke4 h5 51. Rf5 h4 52. Rxf6 h3 53. Rh6 1-0

[Event "Paracin Orbis IM 4th"]
[Site "Paracin"]
[Date "2021.07.29"]
[Round "8"]
[White "Hilwerda, Jonas"]
[Black "Isha, Sharma"]
[Result "1/2-1/2"]
[WhiteElo "2209"]
[BlackElo "2213"]
[PlyCount "43"]
[EventDate "2021.07.24"]
[EventType "tourn"]
[EventRounds "9"]
[EventCountry "SRB"]
[SourceTitle "CBM 203 Extra"]
[Source "ChessBase"]
[SourceDate "2021.09.30"]
[SourceVersion "1"]
[SourceVersionDate "2021.09.30"]
[SourceQuality "1"]

1. e4 e5 2. Nf3 Nc6 3. d4 exd4 4. Nxd4 Bc5 5. Nb3 Bb6 6. Nc3 Qf6 7. Qe2 Nge7 8. h4 h6 9. g4 Qg6 10. f4 d6 11. f5 Qf6 12. Bf4 Nd4 13. Nxd4 Qxd4 14. Rh3 Bd7 15. Rd3 Qc4 16. b3 Qc5 17. 0-0-0 0-0-0 18. e5 dxe5 19. Bxe5 Rhe8 20. Bxg7 Nxf5 21. Rxd7 Nxg7 22. Rxd8+ 1/2-1/2

[Event "Paracin Orbis IM 4th"]
[Site "Paracin"]
[Date "2021.07.28"]
[Round "7"]
[White "Ilincic, Zlatko"]
[Black "Hilwerda, Jonas"]
[Result "1-0"]
[WhiteElo "2395"]
[BlackElo "2209"]
[PlyCount "87"]
[EventDate "2021.07.24"]
[EventType "tourn"]
[EventRounds "9"]
[EventCountry "SRB"]
[SourceTitle "CBM 203 Extra"]
[Source "ChessBase"]
[SourceDate "2021.09.30"]
[SourceVersion "1"]
[SourceVersionDate "2021.09.30"]
[SourceQuality "1"]

1. d4 Nf6 2. c4 g6 3. g3 Bg7 4. Bg2 0-0 5. Nc3 d6 6. Nf3 Nc6 7. 0-0 e5 8. dxe5 dxe5 9. Bg5 h6 10. Bxf6 Qxf6 11. Nd2 Be6 12. Nde4 Qe7 13. Nd5 Bxd5 14. cxd5 Rfd8 15. Qa4 Qb4 16. Nc3 Qxa4 17. Nxa4 Nb4 18. Rfd1 c6 19. dxc6 bxc6 20. a3 Nc2 21. Rac1 Nd4 22. Re1 Rac8 23. Rc3 e4 24. Bxe4 Re8 25. Re3 c5 26. Kf1 c4 27. Bb7 Rb8 28. Rxe8+ Rxe8 29. Ba6 Nb3 30. Rd1 Re4 31. e3 c3 32. Rd8+ Kh7 33. Nxc3 Bxc3 34. bxc3 Ra4 35. Bb5 Rxa3 36. Rd7 Kg7 37. Bc4 a5 38. Rxf7+ Kh8 39. Bxb3 Rxb3 40. Ra7 Rxc3 41. Rxa5 Kg7 42. g4 Kf6 43. Kg2 Rc1 44. h4 1-0

[Event "Paracin Orbis IM 3rd"]
[Site "Paracin"]
[Date "2021.07.21"]
[Round "7"]
[White "Hilwerda, Jonas"]
[Black "Ilincic, Zlatko"]
[Result "0-1"]
[WhiteElo "2209"]
[BlackElo "2395"]
[PlyCount "90"]
[EventDate "2021.07.17"]
[EventType "tourn"]
[EventRounds "9"]
[EventCountry "SRB"]
[EventCategory "1"]
[SourceTitle "CBM 203 Extra"]
[Source "ChessBase"]
[SourceDate "2021.09.30"]
[SourceVersion "1"]
[SourceVersionDate "2021.09.30"]
[SourceQuality "1"]

1. e4 c5 2. Nf3 d6 3. d4 cxd4 4. Nxd4 Nf6 5. Nc3 a6 6. Bg5 h5 7. f4 Nc6 8. Nxc6 bxc6 9. Bc4 Qb6 10. Qd2 e6 11. 0-0-0 Ng4 12. Rde1 Qf2 13. Re2 Qc5 14. Bb3 Nxh2 15. Rxh2 Qg1+ 16. Qe1 Qxh2 17. g4 Qh3 18. Re3 Qg2 19. Rg3 Qh2 20. e5 d5 21. Nd1 hxg4 22. Rxg4 Bd7 23. Ba4 Qh1 24. Qf2 Qe4 25. Nc3 Qb4 26. Qf3 Rb8 27. Bb3 Qb7 28. Bh4 c5 29. f5 exf5 30. Bxd5 Qxb2+ 31. Kd1 Rb4 32. Bc4 Be7 33. Bxe7 Rh1+ 34. Kd2 Rh2+ 35. Rg2 Rxg2+ 36. Qxg2 Rxc4 37. Qa8+ Kxe7 38. Nd5+ Ke6 39. Nc7+ Kxe5 40. Qd5+ Kf4 41. Qxc4+ Qd4+ 42. Qxd4+ cxd4 43. Nxa6 Kg3 44. Nc5 Bc6 45. a4 f4 0-1

[Event "Titled Tuesday intern op 22nd Dec"]
[Site "Chess.com INT"]
[Date "2020.12.22"]
[Round "2"]
[White "Hansch, Karsten"]
[Black "Hilwerda, Jonas"]
[Result "1/2-1/2"]
[WhiteElo "2300"]
[BlackElo "2209"]
[PlyCount "106"]
[EventDate "2020.12.22"]
[EventType "swiss (blitz)"]
[EventRounds "11"]
[EventCountry "USA"]
[SourceTitle "CBM 199 Extra"]
[Source "ChessBase"]
[SourceDate "2021.01.31"]
[SourceVersion "1"]
[SourceVersionDate "2021.01.31"]
[SourceQuality "1"]

1. e4 Nf6 2. e5 Nd5 3. d4 d6 4. Nf3 g6 5. Bc4 Nb6 6. Bb3 Bg7 7. 0-0 0-0 8. h3 Nc6 9. Bf4 dxe5 10. dxe5 Na5 11. Nc3 Nxb3 12. axb3 c6 13. Qxd8 Rxd8 14. Be3 Bf5 15. Nd4 Bxe5 16. Nxf5 gxf5 17. Rxa7 Rxa7 18. Bxb6 Raa8 19. Bxd8 Rxd8 20. Rd1 Rd6 21. Rxd6 Bxd6 22. f3 Kg7 23. Kf2 Bc5+ 24. Ke2 Kf6 25. Nb1 Ke5 26. Nd2 Kf4 27. Nf1 h5 28. g3+ Kg5 29. f4+ Kf6 30. Nd2 Bd6 31. Kf3 Ke6 32. Nc4 Bc7 33. c3 f6 34. b4 Kf7 35. Ne3 Kg6 36. Ng2 e6 37. Ke3 Bb6+ 38. Kf3 Kf7 39. Ne1 e5 40. Ng2 Ke6 41. Nh4 c5 42. bxc5 Bxc5 43. Ke2 Bd6 44. Kf3 Bc7 45. b3 Ba5 46. c4 Be1 47. Ng2 Bd2 48. Nh4 Bc1 49. Ng6 Bd2 50. Nh4 Bc1 51. Ng6 Bd2 52. Nf8+ Ke7 53. Ng6+ Ke6 1/2-1/2